Top 4 African Cup of Nations - Statistics

General Stats
  • This quiz has been taken 175 times
  • The average score is 21 of 24
Answer Stats
Answer % Correct
Nigeria
99%
Senegal
99%
South Africa
99%
Egypt
98%
United Arab Republic
98%
Algeria
97%
Cameroon
97%
Ghana
97%
Ivory Coast
95%
Morocco
95%
Zaire
95%
Congo-Kinshasa
93%
DR Congo
93%
Tunisia
90%
PR Congo
89%
Mali
86%
Sudan
85%
Zambia
84%
Ethiopia
79%
Libya
77%
Guinea
76%
Burkina Faso
69%
Uganda
63%
Equatorial Guinea
49%
No matching quizzes found
Score Distribution
Percent of People with Each Score
Percentile by Number Answered
Your Score History
You have not taken this quiz